| 000 | 00568nam a22002057a 4500 | ||
|---|---|---|---|
| 003 | OSt | ||
| 005 | 20140310182019.0 | ||
| 008 | 121122t xxu||||| |||| 00| 0 eng d | ||
| 020 | _a0195854527 | ||
| 050 |
_aPR 4571 _b.D548 1992 |
||
| 082 |
_aKF _bD55o #3 |
||
| 100 |
_aDickens, Charles _93381 |
||
| 245 |
_aA Tale of Two Cities / _cCharles Dickens. |
||
| 260 |
_aHongkong : _bOxford University Press Ltd., _cc1992. |
||
| 300 |
_a89 p. : _bill. ; _c20cm |
||
| 541 | _j1 | ||
| 562 | _e1 | ||
| 650 |
_aFrench revolution. _xFiction. _96932 |
||
| 942 |
_2lcc _cBK-KF _kKF |
||
| 999 |
_c8313 _d8313 |
||